| 000 | 00865nam a2200253Ia 4500 | ||
|---|---|---|---|
| 003 | OSt | ||
| 005 | 20221005112442.0 | ||
| 006 | a|||||r|||| 00| 0 | ||
| 007 | ta | ||
| 008 | 221004b |||||||| |||| 00| 0 pan d | ||
| 020 |
_a9789350684191 (pbk) _c200 |
||
| 024 | _a15662 | ||
| 037 |
_b883, 08/09/2014, H.K. Prakashan _cTextual |
||
| 040 |
_aCRL _cCRL _bpan |
||
| 041 |
_2pan _apan |
||
| 082 | _aO157,6N62x, 153Q3 | ||
| 100 | _aਨਸਰੀਨ, ਤਸਲੀਮਾ | ||
| 245 | 0 | _aਔਰਤ ਦੇ ਹੱਕ ਵਿਚ | |
| 260 |
_aਚੰਡੀਗੜ _bਲੋਕਗੀਤ ਪ੍ਰਕਾFਨ ਭਾਰਤ _c2013 |
||
| 300 |
_a249ਪੰ _ccm. |
||
| 650 | _aਪੰਜਾਬੀ ਸਾਹਿਤ | ||
| 942 |
_hO157,6N62x, 153Q3 _cTEXL _2cc |
||
| 999 |
_c1024943 _d1024943 |
||